[Event "31st Klatovy C 2025"]
[Site "Klatovy CZE"]
[Date "2025.07.05"]
[Round "8.6"]
[White "Cakl, Zdenek"]
[Black "Bazantova, Marie"]
[Result "1/2-1/2"]
[WhiteElo "2155"]
[BlackElo "1854"]
[PlyCount "50"]
[EventDate "2025.06.28"]
[EventType "swiss"]
[EventRounds "9"]
[EventCountry "CZE"]

1. Nf3 {[%emt 0:01:52]} Nf6 {[%emt 0:00:19]} 2. b3 {[%emt 0:00:05]} c5 {[%emt 0:01:46]} 3. Bb2 {[%emt 0:00:15]} Nc6 {[%emt 0:00:24]} 4. e3 {[%emt 0:00:26]} g6 {[%emt 0:00:32]} 5. Be2 {[%emt 0:00:34]} Bg7 {[%emt 0:00:24]} 6. O-O {[%emt 0:00:11]} O-O {[%emt 0:00:16]} 7. c4 {[%emt 0:00:22]} d5 {[%emt 0:01:46]} 8. d3 {[%emt 0:00:40]} b6 {[%emt 0:02:30]} 9. Nc3 {[%emt 0:01:33]} d4 {[%emt 0:01:33]} 10. exd4 {[%emt 0:02:02]} cxd4 {[%emt 0:00:50]} 11. Nb5 {[%emt 0:03:30]} e5 {[%emt 0:01:59]} 12. Ba3 {[%emt 0:03:29]} Re8 {[%emt 0:02:23]} 13. Nd6 {[%emt 0:02:11]} Re6 {[%emt 0:06:42]} 14. Nxc8 {[%emt 0:08:10]} Rxc8 {[%emt 0:00:48]} 15. b4 {[%emt 0:03:56]} Bf8 {[%emt 0:02:27]} 16. Qa4 {[%emt 0:06:30]} a5 {[%emt 0:04:10]} 17. Ng5 {[%emt 0:14:36]} Re8 {[%emt 0:01:34]} 18. bxa5 {[%emt 0:01:40]} Bxa3 {[%emt 0:01:10]} 19. Qxa3 {[%emt 0:00:10]} h6 {[%emt 0:01:53]} 20. Nf3 {[%emt 0:02:13]} Nxa5 {[%emt 0:00:36]} 21. Rfd1 {[%emt 0:11:53]} Nb7 {[%emt 0:03:37]} 22. Rab1 {[%emt 0:06:04]} Nc5 {[%emt 0:02:08]} 23. Qb4 {[%emt 0:00:31]} Re6 {[%emt 0:01:09]} 24. a4 {[%emt 0:08:22]} Ra8 {[%emt 0:02:42]} 25. Ra1 {[%emt 0:00:17]} Ra5 {[%emt 0:02:55]} 1/2-1/2

[Event "31st Klatovy C 2025"]
[Site "Klatovy CZE"]
[Date "2025.07.05"]
[Round "8.8"]
[White "Novotny, Jaroslav 1956"]
[Black "Skopec, Lubos"]
[Result "1/2-1/2"]
[WhiteElo "1946"]
[BlackElo "1905"]
[PlyCount "35"]
[EventDate "2025.06.28"]
[EventType "swiss"]
[EventRounds "9"]
[EventCountry "CZE"]

1. e4 {[%emt 0:00:04]} e5 {[%emt 0:00:14]} 2. Nf3 {[%emt 0:00:14]} Nf6 {[%emt 0:00:20]} 3. Nxe5 {[%emt 0:00:57]} d6 {[%emt 0:00:09]} 4. Nf3 {[%emt 0:00:11]} Nxe4 {[%emt 0:00:10]} 5. Nc3 {[%emt 0:00:19]} Nxc3 {[%emt 0:00:30]} 6. dxc3 {[%emt 0:00:20]} Be7 {[%emt 0:00:21]} 7. Bd3 {[%emt 0:00:50]} Nc6 {[%emt 0:00:43]} 8. Bf4 {[%emt 0:00:16]} Be6 {[%emt 0:01:03]} 9. Nd4 {[%emt 0:01:02]} Nxd4 {[%emt 0:01:27]} 10. cxd4 {[%emt 0:00:16]} Qd7 {[%emt 0:06:57]} 11. Qd2 {[%emt 0:05:08]} Bf5 {[%emt 0:07:32]} 12. O-O {[%emt 0:02:45]} Bxd3 {[%emt 0:01:33]} 13. Qxd3 {[%emt 0:00:15]} O-O {[%emt 0:05:49]} 14. Rfe1 {[%emt 0:01:02]} Bf6 {[%emt 0:02:19]} 15. Re2 {[%emt 0:13:11]} Rfe8 {[%emt 0:02:21]} 16. Rae1 {[%emt 0:00:13]} Rxe2 {[%emt 0:01:32]} 17. Rxe2 {[%emt 0:00:25]} Re8 {[%emt 0:01:18]} 18. Rxe8+ {[%emt 0:08:20]} 1/2-1/2

[Event "31st Klatovy C 2025"]
[Site "Klatovy CZE"]
[Date "2025.07.05"]
[Round "8.9"]
[White "Vachal, Josef 1957"]
[Black "Hlavac, Rudolf"]
[Result "1-0"]
[WhiteElo "1845"]
[BlackElo "1923"]
[PlyCount "57"]
[EventDate "2025.06.28"]
[EventType "swiss"]
[EventRounds "9"]
[EventCountry "CZE"]

1. c4 Nf6 2. d4 g6 3. g3 Bg7 4. Bg2 d5 5. cxd5 Nxd5 6. e4 Nb6 7. Ne2 O-O 8. O-O Nc6 9. d5 Na5 10. Nbc3 c6 11. b3 cxd5 12. exd5 Bd7 13. Be3 Re8 14. Bd4 e5 15. dxe6 Bxe6 16. Bxg7 Kxg7 17. Nd4 Rc8 18. Nxe6+ Rxe6 19. Bh3 f5 20. Qxd8 Rxd8 21. Rfd1 Rxd1+ 22. Rxd1 Nc6 23. Bg2 g5 24. Nb5 a6 25. Nd6 Kf6 26. Nxb7 Nb4 27. Nc5 Nxa2 28. Nxe6 Kxe6 29. Ra1 1-0

[Event "31st Klatovy C 2025"]
[Site "Klatovy CZE"]
[Date "2025.07.05"]
[Round "8.10"]
[White "Zednik, Zdenek"]
[Black "Navratil, Jiri"]
[Result "1/2-1/2"]
[WhiteElo "1877"]
[BlackElo "1913"]
[PlyCount "36"]
[EventDate "2025.06.28"]
[EventType "swiss"]
[EventRounds "9"]
[EventCountry "CZE"]

1. e4 c5 2. Nc3 e6 3. f4 a6 4. Nf3 Nc6 5. g3 d5 6. d3 Be7 7. Bg2 d4 8. Ne2 Nf6 9. O-O O-O 10. c3 dxc3 11. bxc3 Qc7 12. Qc2 b5 13. h3 Bb7 14. Be3 Rac8 15. Rac1 Rfd8 16. Rfd1 h6 17. g4 c4 18. d4 b4 1/2-1/2

[Event "31st Klatovy C 2025"]
[Site "Klatovy CZE"]
[Date "2025.07.05"]
[Round "8.11"]
[White "Pelikan, Jaromir"]
[Black "Sedlak, Ludek"]
[Result "1/2-1/2"]
[WhiteElo "1876"]
[BlackElo "1937"]
[PlyCount "34"]
[EventDate "2025.06.28"]
[EventType "swiss"]
[EventRounds "9"]
[EventCountry "CZE"]

1. d4 Nf6 2. Nf3 g6 3. g3 Bg7 4. Bg2 d5 5. c4 c6 6. O-O O-O 7. Nc3 dxc4 8. Qc2 b5 9. Rd1 Bb7 10. Ne5 Qb6 11. a4 Nbd7 12. Be3 a6 13. a5 Qc7 14. Bf4 Qc8 15. e4 Nh5 16. Nxd7 Qxd7 17. Be3 Nf6 1/2-1/2

[Event "31st Klatovy C 2025"]
[Site "Klatovy CZE"]
[Date "2025.07.05"]
[Round "8.12"]
[White "Truksa, Vaclav"]
[Black "Tvrdy, Jindrich"]
[Result "1-0"]
[WhiteElo "1742"]
[BlackElo "1893"]
[PlyCount "56"]
[EventDate "2025.06.28"]
[EventType "swiss"]
[EventRounds "9"]
[EventCountry "CZE"]

1. d4 Nf6 2. Nf3 c5 3. e3 g6 4. Bd3 Bg7 5. O-O d6 6. c3 O-O 7. Qc2 b6 8. e4 Bb7 9. Nbd2 Nbd7 10. Re1 e6 11. Nf1 Rc8 12. Qd1 c4 13. Bc2 Re8 14. h3 a6 15. Ng3 Rf8 16. Nh2 e5 17. Be3 d5 18. f3 Qc7 19. Nhf1 Rce8 20. Qd2 exd4 21. Bxd4 dxe4 22. Nxe4 Nxe4 23. Bxe4 Bxe4 24. Bxg7 Kxg7 25. Qd4+ Nf6 26. fxe4 Rd8 27. Qf2 Rfe8 28. Ng3 Rd6 1-0

[Event "31st Klatovy C 2025"]
[Site "Klatovy CZE"]
[Date "2025.07.05"]
[Round "8.13"]
[White "Titera, Libor"]
[Black "Fiser, Jiri 1942"]
[Result "0-1"]
[WhiteElo "1844"]
[BlackElo "1821"]
[PlyCount "100"]
[EventDate "2025.06.28"]
[EventType "swiss"]
[EventRounds "9"]
[EventCountry "CZE"]

1. e4 c5 2. a3 Nc6 3. b4 e5 4. b5 Nd4 5. c3 Ne6 6. Nf3 d6 7. d4 Qc7 8. d5 Nd8 9. Be2 f5 10. exf5 Bxf5 11. O-O Nf6 12. Nh4 Bd7 13. c4 Be7 14. Nc3 O-O 15. Qc2 Ng4 16. Nf3 Bf5 17. Bd3 Bxd3 18. Qxd3 Nf7 19. Ne4 h6 20. h3 Nf6 21. Re1 Qd8 22. g4 Nxe4 23. Qxe4 Ng5 24. Bxg5 Bxg5 25. Nxg5 Qxg5 26. Rac1 Rf4 27. Qg2 Raf8 28. Rc2 Rf3 29. Ra2 Rc3 30. Re4 Rff3 31. Kh2 Qh4 32. Re3 Rcxe3 33. fxe3 Rxe3 34. a4 Rc3 35. Re2 Rxc4 36. Rf2 Rf4 37. Rxf4 exf4 38. Qf3 Qf6 39. a5 g5 40. b6 axb6 41. axb6 Qb2+ 42. Kg1 Qc1+ 43. Kg2 Qd2+ 44. Kf1 Qe3 45. Qxe3 fxe3 46. Ke2 Kf7 47. Kxe3 Kf6 48. Ke4 c4 49. Kd4 c3 50. Kxc3 Ke5 0-1

[Event "31st Klatovy C 2025"]
[Site "Klatovy CZE"]
[Date "2025.07.05"]
[Round "8.14"]
[White "Vavrinek, Tomas"]
[Black "Burianek, Petr"]
[Result "1/2-1/2"]
[WhiteElo "1839"]
[BlackElo "1901"]
[PlyCount "32"]
[EventDate "2025.06.28"]
[EventType "swiss"]
[EventRounds "9"]
[EventCountry "CZE"]

1. d4 Nf6 2. Nf3 g6 3. c4 Bg7 4. Nc3 d5 5. e3 O-O 6. cxd5 Nxd5 7. Qb3 Nb6 8. Bd2 Be6 9. Qc2 Nc6 10. Be2 Nb4 11. Qc1 Bc4 12. Bxc4 Nxc4 13. O-O Rc8 14. Ne4 Nxd2 15. Qxd2 Nd5 16. Rac1 c6 1/2-1/2

[Event "31st Klatovy C 2025"]
[Site "Klatovy CZE"]
[Date "2025.07.05"]
[Round "8.15"]
[White "Kovar, Petr"]
[Black "Novotny, Jaromir"]
[Result "1/2-1/2"]
[WhiteElo "1887"]
[BlackElo "1765"]
[PlyCount "81"]
[EventDate "2025.06.28"]
[EventType "swiss"]
[EventRounds "9"]
[EventCountry "CZE"]

1. c4 c5 2. Nc3 Nc6 3. g3 g6 4. Bg2 Bg7 5. Nf3 e5 6. O-O Nf6 7. e3 O-O 8. d4 d6 9. b3 Bg4 10. Qd2 Bxf3 11. Bxf3 exd4 12. exd4 Nxd4 13. Bxb7 Rb8 14. Bg2 Nd7 15. Bb2 Ne5 16. f4 Nd7 17. Rfe1 Nf6 18. Ne2 Nxe2+ 19. Rxe2 Re8 20. Rae1 Qd7 21. Kf1 Rxe2 22. Rxe2 Re8 23. Qe1 Rxe2 24. Qxe2 Qe6 25. Bf3 Qxe2+ 26. Kxe2 Ne8 27. Bxg7 Kxg7 28. Ke3 f5 29. Kd3 Nc7 30. Bd5 Kf6 31. Kc3 a5 32. a3 h6 33. b4 cxb4+ 34. axb4 axb4+ 35. Kxb4 Na6+ 36. Kb5 Nc5 37. Kc6 Ke7 38. Bg8 g5 39. Bh7 gxf4 40. gxf4 Nd3 41. Bxf5 1/2-1/2

[Event "31st Klatovy C 2025"]
[Site "Klatovy CZE"]
[Date "2025.07.05"]
[Round "8.16"]
[White "Provaznik, Jan"]
[Black "Macoun, Jiri"]
[Result "1-0"]
[WhiteElo "1846"]
[BlackElo "1747"]
[PlyCount "54"]
[EventDate "2025.06.28"]
[EventType "swiss"]
[EventRounds "9"]
[EventCountry "CZE"]

1. d4 d5 2. Nf3 Nf6 3. e3 h6 4. Bd3 e6 5. O-O c5 6. b3 a6 7. a4 Bd6 8. Bb2 Qc7 9. Ne5 Nbd7 10. f4 b6 11. Nd2 Bb7 12. Qe2 Ne4 13. c4 Nxd2 14. Qxd2 Nxe5 15. fxe5 Be7 16. Qe2 Bg5 17. Rad1 O-O 18. Bc1 Qc6 19. cxd5 exd5 20. Ba3 Rfc8 21. Bf5 Rc7 22. Qf3 Be7 23. Rc1 Re8 24. Bd3 Bc8 25. Qxf7+ Kh8 26. Qh5 Bg5 27. Qf3 c4 1-0

[Event "31st Klatovy C 2025"]
[Site "Klatovy CZE"]
[Date "2025.07.05"]
[Round "8.18"]
[White "Tomecek, Marian"]
[Black "Halla, Jiri"]
[Result "0-1"]
[WhiteElo "1566"]
[BlackElo "1843"]
[PlyCount "74"]
[EventDate "2025.06.28"]
[EventType "swiss"]
[EventRounds "9"]
[EventCountry "CZE"]

1. e4 e6 2. d4 d5 3. e5 c5 4. c3 Nc6 5. Nf3 Qb6 6. b3 cxd4 7. c4 Bb4+ 8. Bd2 dxc4 9. Bxc4 Nge7 10. O-O O-O 11. Bxb4 Qxb4 12. Nbd2 Ng6 13. Re1 Qa5 14. Bd3 Ncxe5 15. Nxe5 Nxe5 16. Nc4 Nxc4 17. Bxc4 b5 18. Re5 Qc7 19. Rxb5 Rd8 20. Bd3 Ba6 21. Rc1 Qd6 22. Rh5 Bxd3 23. Qxd3 f6 24. Rh3 Rac8 25. Rd1 Rc3 26. Qb1 Rxh3 27. gxh3 Qd5 28. Qd3 e5 29. f3 Rd6 30. Rf1 Rc6 31. Qe4 Qxe4 32. fxe4 Rc2 33. Rf2 Rxf2 34. Kxf2 Kf8 35. Ke2 Ke7 36. b4 Kd6 37. h4 f5 0-1

[Event "31st Klatovy C 2025"]
[Site "Klatovy CZE"]
[Date "2025.07.05"]
[Round "8.19"]
[White "Cecil, Pavel"]
[Black "Dobsinsky, Petr"]
[Result "1-0"]
[WhiteElo "1820"]
[BlackElo "1460"]
[PlyCount "59"]
[EventDate "2025.06.28"]
[EventType "swiss"]
[EventRounds "9"]
[EventCountry "CZE"]

1. d4 Nf6 2. c4 e6 3. Nf3 Bb4+ 4. Bd2 Bxd2+ 5. Nbxd2 O-O 6. e3 d5 7. b3 b6 8. cxd5 Qxd5 9. Bc4 Qd8 10. O-O Bb7 11. Rc1 Ba6 12. Qe2 Bxc4 13. Qxc4 c6 14. Rfd1 Qd5 15. Qc2 Rc8 16. e4 Qd8 17. Nc4 Na6 18. a3 Qe7 19. b4 b5 20. Na5 Nb8 21. d5 c5 22. d6 Qd7 23. Ne5 Qd8 24. Nb7 Qb6 25. Nxc5 Nbd7 26. Nexd7 Nxd7 27. Nxd7 Rxc2 28. Nxb6 Rxc1 29. Rxc1 axb6 30. d7 1-0

[Event "31st Klatovy C 2025"]
[Site "Klatovy CZE"]
[Date "2025.07.05"]
[Round "8.20"]
[White "Navratilova, Alena"]
[Black "Slegl, Milan"]
[Result "1/2-1/2"]
[WhiteElo "1755"]
[BlackElo "1639"]
[PlyCount "58"]
[EventDate "2025.06.28"]
[EventType "swiss"]
[EventRounds "9"]
[EventCountry "CZE"]

1. Nf3 Nf6 2. d4 e6 3. g3 b6 4. Bg2 Bb7 5. O-O c5 6. c3 Be7 7. Bf4 O-O 8. Qc1 d6 9. Re1 Nbd7 10. Nbd2 cxd4 11. cxd4 Rc8 12. Qd1 Nd5 13. Rc1 Rxc1 14. Qxc1 Nxf4 15. gxf4 Qb8 16. Qb1 h6 17. e3 Rc8 18. Rc1 Nf6 19. h3 Rc7 20. Ne1 Bxg2 21. Kxg2 Qc8 22. Rxc7 Qxc7 23. Qc2 Qb7+ 24. Nef3 d5 25. a3 Ne4 26. Nxe4 dxe4 27. Ne5 Bd6 28. Qc6 Qxc6 29. Nxc6 a6 1/2-1/2

[Event "31st Klatovy C 2025"]
[Site "Klatovy CZE"]
[Date "2025.07.05"]
[Round "8.21"]
[White "Stanke, Vilem"]
[Black "Svec, Ludek"]
[Result "0-1"]
[WhiteElo "1540"]
[BlackElo "1755"]
[PlyCount "98"]
[EventDate "2025.06.28"]
[EventType "swiss"]
[EventRounds "9"]
[EventCountry "CZE"]

1. e4 c5 2. Nf3 e6 3. d4 cxd4 4. Nxd4 Nf6 5. e5 Qa5+ 6. c3 Qxe5+ 7. Qe2 Qxe2+ 8. Bxe2 Be7 9. Be3 O-O 10. Nb5 Nc6 11. O-O Nd5 12. Bd2 a6 13. N5a3 f5 14. c4 Ndb4 15. f4 Nd4 16. Bd1 b6 17. Bxb4 Bxb4 18. Nc2 Bc5 19. Kh1 Bb7 20. Nc3 Rac8 21. Rb1 Nxc2 22. Bxc2 Bc6 23. Bd1 Be3 24. Bc2 b5 25. Nd1 Bd4 26. b3 Rc7 27. Bd3 Rfc8 28. Nf2 Kf7 29. Rbd1 Be3 30. Nh3 h6 31. Be2 bxc4 32. Bxc4 Bb5 33. Bxb5 axb5 34. Rfe1 Bc5 35. Re2 Kf6 36. g3 d5 37. Rc1 Bb6 38. Rxc7 Rxc7 39. Kg2 b4 40. Nf2 Bxf2 41. Kxf2 g5 42. fxg5+ hxg5 43. h3 e5 44. Rd2 d4 45. g4 f4 46. Kf3 Rc3+ 47. Ke4 Ke6 48. Rd3 Rxd3 49. Kxd3 Kd5 0-1

[Event "31st Klatovy C 2025"]
[Site "Klatovy CZE"]
[Date "2025.07.05"]
[Round "8.22"]
[White "Novy, Jaroslav"]
[Black "Hanzlik, Jiri"]
[Result "1-0"]
[WhiteElo "1744"]
[BlackElo "1688"]
[PlyCount "35"]
[EventDate "2025.06.28"]
[EventType "swiss"]
[EventRounds "9"]
[EventCountry "CZE"]

1. e4 c5 2. c3 Nc6 3. d4 cxd4 4. cxd4 d5 5. exd5 Qxd5 6. Nf3 e6 7. Nc3 Bb4 8. a3 Bxc3+ 9. bxc3 Bd7 10. Bd3 Nge7 11. O-O Qa5 12. Bd2 Qc7 13. Re1 O-O 14. Bxh7+ Kh8 15. Bd3 Nf5 16. Ng5 Nce7 17. Qh5+ Nh6 18. Nxf7+ 1-0

[Event "31st Klatovy C 2025"]
[Site "Klatovy CZE"]
[Date "2025.07.05"]
[Round "8.23"]
[White "Zimmermann, Ladislav"]
[Black "Malik, Zdenek"]
[Result "0-1"]
[WhiteElo "1517"]
[BlackElo "1715"]
[PlyCount "66"]
[EventDate "2025.06.28"]
[EventType "swiss"]
[EventRounds "9"]
[EventCountry "CZE"]

1. Nf3 Nf6 2. g3 d5 3. d3 Nc6 4. c3 e6 5. a3 Bd6 6. b4 O-O 7. Qc2 e5 8. Bg2 Re8 9. O-O Bf5 10. Rd1 Ne7 11. Ne1 c5 12. b5 c4 13. a4 Rc8 14. Bf1 Bc5 15. e3 Qd7 16. Qa2 d4 17. dxc4 Qc7 18. exd4 exd4 19. cxd4 Red8 20. Be3 Ng4 21. Nc2 Nxe3 22. fxe3 Bg4 23. Rd2 Bd6 24. c5 Bxc5 25. Nba3 Bd6 26. Ne1 Qc3 27. Rd3 Qc7 28. Rd2 Nd5 29. Nec2 Qe7 30. Re1 Nc3 31. Qa1 Ne4 32. Rd3 Qf6 33. Be2 Qf2+ 0-1

[Event "31st Klatovy C 2025"]
[Site "Klatovy CZE"]
[Date "2025.07.06"]
[Round "9.1"]
[White "Sabol, Marian"]
[Black "Andersen, Jorgen M"]
[Result "1-0"]
[WhiteElo "2197"]
[BlackElo "1928"]
[PlyCount "130"]
[EventDate "2025.06.28"]
[EventType "swiss"]
[EventRounds "9"]
[EventCountry "CZE"]

1. d4 {[%emt 0:02:11]} d5 {[%emt 0:00:07]} 2. Nf3 {[%emt 0:00:11]} Nf6 {[%emt 0:00:08]} 3. c4 {[%emt 0:00:17]} c6 {[%emt 0:00:04]} 4. Nc3 {[%emt 0:03:19]} e6 {[%emt 0:01:29]} 5. g3 {[%emt 0:01:18]} h6 {[%emt 0:04:15]} 6. Bg2 {[%emt 0:01:16]} Bd6 {[%emt 0:00:53]} 7. O-O {[%emt 0:00:23]} O-O {[%emt 0:00:21]} 8. Nd2 {[%emt 0:00:14]} e5 {[%emt 0:04:52]} 9. dxe5 {[%emt 0:03:34]} Bxe5 {[%emt 0:00:08]} 10. Nf3 {[%emt 0:00:27]} Bc7 {[%emt 0:01:49]} 11. cxd5 {[%emt 0:01:59]} cxd5 {[%emt 0:01:07]} 12. b3 {[%emt 0:01:17]} a6 {[%emt 0:02:10]} 13. Bb2 {[%emt 0:01:56]} Nc6 {[%emt 0:08:21]} 14. Rc1 {[%emt 0:05:27]} Re8 {[%emt 0:03:40]} 15. Nd4 {[%emt 0:24:29]} Bg4 {[%emt 0:12:05]} 16. Re1 {[%emt 0:02:22]} Bb6 {[%emt 0:05:42]} 17. Nxc6 {[%emt 0:02:44]} bxc6 {[%emt 0:00:10]} 18. Na4 {[%emt 0:00:18]} Ba5 {[%emt 0:04:09]} 19. Bc3 {[%emt 0:00:09]} Bxc3 {[%emt 0:01:04]} 20. Rxc3 {[%emt 0:00:11]} Rc8 {[%emt 0:02:28]} 21. Qd3 {[%emt 0:04:02]} Nd7 {[%emt 0:05:23]} 22. h3 {[%emt 0:12:22]} Ne5 {[%emt 0:02:29]} 23. Qd4 {[%emt 0:00:36]} Qf6 {[%emt 0:09:26]} 24. Qf4 {[%emt 0:11:19]} d4 {[%emt 0:01:22]} 25. Qxf6 {[%emt 0:01:22]} gxf6 {[%emt 0:00:08]} 26. Rcc1 {[%emt 0:00:39]} d3 {[%emt 0:03:57]} 27. exd3 {[%emt 0:05:35]} Nxd3 {[%emt 0:00:38]} 28. Rxe8+ {[%emt 0:00:38]} Rxe8 {[%emt 0:00:07]} 29. Rxc6 {[%emt 0:09:20]} Re1+ {[%emt 0:01:01]} 30. Kh2 {[%emt 0:06:50]} Be6 {[%emt 0:03:17]} 31. Rc2 {[%emt 0:00:16]} Ra1 {[%emt 0:05:35]} 32. Rd2 {[%emt 0:01:24]} Nb4 {[%emt 0:02:39]} 33. Nc3 {[%emt 0:01:07]} Rc1 {[%emt 0:00:45]} 34. Ne4 {[%emt 0:04:39]} Kg7 {[%emt 0:01:07]} 35. a3 {[%emt 0:04:46]} f5 {[%emt 0:02:53]} 36. Nd6 {[%emt 0:05:50]} Nc2 {[%emt 0:01:12]} 37. a4 {[%emt 0:00:24]} Kf6 {[%emt 0:01:47]} 38. Ne8+ {[%emt 0:03:56]} Ke7 {[%emt 0:01:16]} 39. Ng7 {[%emt 0:00:05]} Bxb3 {[%emt 0:03:15]} 40. Nxf5+ {[%emt 0:00:05]} Kf6 {[%emt 0:03:45]} 41. Nxh6 {[%emt 0:00:37]} Ne1 {[%emt 0:06:11]} 42. g4 {[%emt 0:06:03]} Kg5 {[%emt 0:07:20]} 43. Nf5 {[%emt 0:00:06]} Rc2 {[%emt 0:03:19]} 44. Rxc2 {[%emt 0:00:37]} Bxc2 {[%emt 0:02:16]} 45. a5 {[%emt 0:00:23]} Kf4 {[%emt 0:04:11]} 46. Ne3 {[%emt 0:01:29]} Nxg2 {[%emt 0:06:06]} 47. Nxc2 {[%emt 0:01:45]} Nh4 {[%emt 0:00:11]} 48. Nb4 {[%emt 0:00:47]} Nf3+ {[%emt 0:00:08]} 49. Kg2 {[%emt 0:00:31]} Nd4 {[%emt 0:00:04]} 50. Nxa6 {[%emt 0:00:11]} Nc6 {[%emt 0:00:10]} 51. Nc7 {[%emt 0:01:26]} Nxa5 {[%emt 0:00:06]} 52. Nd5+ {[%emt 0:00:02]} Kg5 {[%emt 0:01:07]} 53. f4+ {[%emt 0:00:18]} Kg6 {[%emt 0:00:10]} 54. f5+ {[%emt 0:00:20]} Kg7 {[%emt 0:00:14]} 55. Kg3 {[%emt 0:00:51]} Nb3 {[%emt 0:01:09]} 56. h4 {[%emt 0:00:21]} Nd4 {[%emt 0:00:18]} 57. Kf4 {[%emt 0:00:33]} f6 {[%emt 0:00:47]} 58. g5 {[%emt 0:00:32]} fxg5+ {[%emt 0:00:12]} 59. hxg5 {[%emt 0:00:08]} Nc6 {[%emt 0:00:22]} 60. Ke4 {[%emt 0:00:42]} Nd8 {[%emt 0:00:18]} 61. g6 {[%emt 0:01:06]} Nc6 {[%emt 0:00:19]} 62. Nf4 {[%emt 0:01:36]} Ne7 {[%emt 0:00:53]} 63. Nh5+ {[%emt 0:00:38]} Kh6 {[%emt 0:01:05]} 64. Nf4 {[%emt 0:00:04]} Kg5 {[%emt 0:00:56]} 65. g7 {[%emt 0:00:32]} Kf6 {[%emt 0:00:24]} 1-0

[Event "31st Klatovy C 2025"]
[Site "Klatovy CZE"]
[Date "2025.07.06"]
[Round "9.2"]
[White "Kaderabek, Jiri"]
[Black "Kopta, Pavel"]
[Result "1/2-1/2"]
[WhiteElo "2045"]
[BlackElo "2199"]
[PlyCount "20"]
[EventDate "2025.06.28"]
[EventType "swiss"]
[EventRounds "9"]
[EventCountry "CZE"]

1. e4 {[%emt 0:00:03]} c5 {[%emt 0:00:12]} 2. Nf3 {[%emt 0:00:06]} d6 {[%emt 0:00:15]} 3. Bb5+ {[%emt 0:00:05]} Bd7 {[%emt 0:01:00]} 4. Bxd7+ {[%emt 0:00:41]} Qxd7 {[%emt 0:00:38]} 5. O-O {[%emt 0:02:09]} Nc6 {[%emt 0:00:45]} 6. c4 {[%emt 0:02:04]} g6 {[%emt 0:02:06]} 7. d4 {[%emt 0:02:02]} cxd4 {[%emt 0:00:59]} 8. Nxd4 {[%emt 0:00:26]} Nf6 {[%emt 0:00:24]} 9. f3 {[%emt 0:02:12]} Bg7 {[%emt 0:01:16]} 10. Be3 {[%emt 0:00:30]} Rc8 {[%emt 0:01:43]} 1/2-1/2

[Event "31st Klatovy C 2025"]
[Site "Klatovy CZE"]
[Date "2025.07.06"]
[Round "9.3"]
[White "Korsa, Jindrich"]
[Black "Pribyl, Rene"]
[Result "1/2-1/2"]
[WhiteElo "2021"]
[BlackElo "1905"]
[PlyCount "150"]
[EventDate "2025.06.28"]
[EventType "swiss"]
[EventRounds "9"]
[EventCountry "CZE"]

1. e4 {[%emt 0:00:07]} e5 {[%emt 0:00:01]} 2. Nf3 {[%emt 0:00:18]} Nf6 {[%emt 0:00:02]} 3. Nc3 {[%emt 0:00:18]} Nc6 {[%emt 0:00:01]} 4. Bb5 {[%emt 0:00:33]} Nd4 {[%emt 0:00:19]} 5. Nxd4 {[%emt 0:00:37]} exd4 {[%emt 0:00:02]} 6. e5 {[%emt 0:00:42]} dxc3 {[%emt 0:00:11]} 7. exf6 {[%emt 0:00:05]} Qxf6 {[%emt 0:00:19]} 8. dxc3 {[%emt 0:00:27]} Qe5+ {[%emt 0:00:20]} 9. Be2 {[%emt 0:00:37]} d5 {[%emt 0:00:42]} 10. O-O {[%emt 0:01:02]} Be7 {[%emt 0:04:07]} 11. Re1 {[%emt 0:00:47]} Qd6 {[%emt 0:01:37]} 12. Bd3 {[%emt 0:01:58]} O-O {[%emt 0:01:18]} 13. Qf3 {[%emt 0:01:22]} c6 {[%emt 0:02:20]} 14. Bf4 {[%emt 0:00:31]} Qf6 {[%emt 0:00:56]} 15. Re3 {[%emt 0:06:28]} Bc5 {[%emt 0:01:19]} 16. Re2 {[%emt 0:10:57]} Bd7 {[%emt 0:06:32]} 17. Qg3 {[%emt 0:12:15]} Rfe8 {[%emt 0:01:20]} 18. Bg5 {[%emt 0:06:40]} Qd6 {[%emt 0:00:43]} 19. Qh4 {[%emt 0:00:20]} h6 {[%emt 0:05:18]} 20. Bf4 {[%emt 0:00:20]} Qf8 {[%emt 0:00:12]} 21. Qg3 {[%emt 0:06:30]} Rxe2 {[%emt 0:03:50]} 22. Bxe2 {[%emt 0:00:09]} Kh8 {[%emt 0:01:01]} 23. Bd3 {[%emt 0:00:30]} Re8 {[%emt 0:07:07]} 24. Be5 {[%emt 0:01:38]} Re6 {[%emt 0:10:32]} 25. c4 {[%emt 0:08:33]} Bd6 {[%emt 0:03:40]} 26. Bxd6 {[%emt 0:02:37]} Qxd6 {[%emt 0:01:08]} 27. Bf5 {[%emt 0:04:54]} Qxg3 {[%emt 0:02:07]} 28. hxg3 {[%emt 0:00:01]} Re7 {[%emt 0:00:14]} 29. Bxd7 {[%emt 0:00:07]} Rxd7 {[%emt 0:00:22]} 30. Rd1 {[%emt 0:00:03]} g5 {[%emt 0:04:08]} 31. cxd5 {[%emt 0:01:02]} Kg7 {[%emt 0:02:58]} 32. Rd3 {[%emt 0:01:46]} cxd5 {[%emt 0:01:32]} 33. Kf1 {[%emt 0:03:11]} Kf6 {[%emt 0:03:12]} 34. Ke2 {[%emt 0:02:10]} Ke5 {[%emt 0:03:47]} 35. Ra3 {[%emt 0:01:22]} a6 {[%emt 0:01:15]} 36. Rb3 {[%emt 0:00:06]} b5 {[%emt 0:00:31]} 37. Rc3 {[%emt 0:00:10]} Rd6 {[%emt 0:00:28]} 38. Rc7 {[%emt 0:01:21]} f5 {[%emt 0:07:28]} 39. Re7+ {[%emt 0:01:24]} Kf6 {[%emt 0:02:08]} 40. Re8 {[%emt 0:00:22]} Kf7 {[%emt 0:01:38]} 41. Re5 {[%emt 0:00:24]} Kf6 {[%emt 0:01:05]} 42. f4 {[%emt 0:00:26]} gxf4 {[%emt 0:02:20]} 43. gxf4 {[%emt 0:00:01]} d4 {[%emt 0:05:09]} 44. Kd3 {[%emt 0:00:18]} Rd8 {[%emt 0:00:58]} 45. Rc5 {[%emt 0:01:06]} Rd6 {[%emt 0:00:41]} 46. a4 {[%emt 0:00:22]} bxa4 {[%emt 0:01:57]} 47. Ra5 {[%emt 0:01:23]} Rb6 {[%emt 0:00:21]} 48. Rxa4 {[%emt 0:00:11]} Rxb2 {[%emt 0:00:16]} 49. Rxa6+ {[%emt 0:00:07]} Kg7 {[%emt 0:00:09]} 50. Rc6 {[%emt 0:00:26]} Rb1 {[%emt 0:01:09]} 51. Kxd4 {[%emt 0:00:08]} Rg1 {[%emt 0:00:11]} 52. Ke5 {[%emt 0:00:04]} Rxg2 {[%emt 0:00:13]} 53. Kxf5 {[%emt 0:00:08]} h5 {[%emt 0:00:21]} 54. Rc7+ {[%emt 0:01:30]} Kg8 {[%emt 0:00:42]} 55. Ke4 {[%emt 0:02:35]} h4 {[%emt 0:04:10]} 56. Rc5 {[%emt 0:03:21]} h3 {[%emt 0:01:09]} 57. Kf3 {[%emt 0:01:07]} Rd2 {[%emt 0:00:47]} 58. c4 {[%emt 0:04:25]} Rc2 {[%emt 0:01:22]} 59. Ke3 {[%emt 0:03:46]} h2 {[%emt 0:06:49]} 60. Rh5 {[%emt 0:00:06]} Rxc4 {[%emt 0:00:17]} 61. Rxh2 {[%emt 0:03:02]} Kg7 {[%emt 0:00:13]} 62. Ra2 {[%emt 0:00:30]} Kf6 {[%emt 0:00:15]} 63. Kf3 {[%emt 0:01:56]} Rc6 {[%emt 0:00:30]} 64. Kg4 {[%emt 0:00:11]} Kg6 {[%emt 0:00:15]} 65. Ra5 {[%emt 0:01:43]} Rd6 {[%emt 0:00:16]} 66. Rg5+ {[%emt 0:00:29]} Kf6 {[%emt 0:00:26]} 67. Rh5 {[%emt 0:00:06]} Kg7 {[%emt 0:00:48]} 68. Kg5 {[%emt 0:00:28]} Rg6+ {[%emt 0:00:48]} 69. Kf5 {[%emt 0:00:19]} Ra6 {[%emt 0:00:14]} 70. Rg5+ {[%emt 0:00:56]} Kf7 {[%emt 0:00:06]} 71. Kg4 {[%emt 0:00:32]} Rg6 {[%emt 0:00:54]} 72. Kh5 {[%emt 0:01:48]} Rxg5+ {[%emt 0:00:37]} 73. Kxg5 {[%emt 0:02:28]} Kg7 {[%emt 0:00:10]} 74. f5 {[%emt 0:00:05]} Kf7 {[%emt 0:00:13]} 75. f6 {[%emt 0:00:05]} Kf8 {[%emt 0:00:12]} 1/2-1/2